Culture Générale - Série 2700 - Statistiques

Statistiques générales
  • Ce quiz a été pris 101 fois
  • Le résultat moyen est 4 sur 10
Statistiques - réponses
Question Réponse % Correct
Quel numéro porte la route mythique qui reliait Chicago à Los Angeles ? 66
93%
Dans sa quête de la toison d'or, comment s'appelaient les compagnons de Jason ? Argonautes
59%
Dans quel pays se situe la ville de Lillehammer ? Norvège
53%
Dans les années 80-90 quel chanteur acteur animait à la télévision "La dernière séance" ? Eddy Mitchell
52%
De quelle île, le dodo (oiseau aujourd'hui disparu) était-il endémique ? voir photo Maurice
49%
En quelle année l'Italie a-t-elle intégré le tournoi des 5 nations de rugby ? 2000
46%
Sous quel nom connait-on mieux la chanteuse Annie Chancel ? Sheila
39%
Pièce d'entrée (d'un édifice, d'une maison, d'un appartement) ou organe de l'oreille vestibule
30%
Voile léger apparu en Espagne et qui était traditionnellement porté par les femmes catholiques à la messe mantille
21%
Le club qui a remporté la première finale de la Coupe de France de football en 1918 est " l'Olympique de ... Pantin
7%
Aucun quiz correspondant
Distribution des résultats
% des personnes avec chaque résultat
Percentile par nombre de réponses
Votre historique - résultats
Vous n’avez pas pris ce quiz